000 00371 a2200157 4500
001 160252
020 _a
040 _cMagnum
100 _aBoulos Junior, Alfredo
240 1 0 _aTiradentes sonho de liberdade: 21 de abril
_lpor
245 1 0 _aTiradentes sonho de liberdade: 21 de abril
362 0 _a1899
440 1 _aFTD
697 _aIJ/PARADIDATICO
942 _cBK
999 _c160252
_d160252